|
|
|
|
| LEADER |
00000nab a2200000 a 4500 |
| 001 |
vtls000868385 |
| 003 |
SK-MaSNL |
| 005 |
20260426105107.0 |
| 008 |
180405c2004 xo 0 slo |
| 015 |
|
|
|a SNBRB2004/04-10812
|
| 035 |
|
|
|a CLN000219937
|
| 040 |
|
|
|a SNKBUCL
|b slo
|c SNKBUCL
|e AACR2
|
| 041 |
0 |
|
|a slo
|
| 044 |
|
|
|a xo
|c SK
|
| 080 |
|
|
|a 94(100)"1939/1945":355.48
|2 1997
|
| 080 |
|
|
|a 355.48(437.6)"1945"
|2 1997
|
| 080 |
|
|
|a 94(437.6)"1945":355.48
|2 1997
|
| 080 |
|
|
|a 355.425.4(437.6)"1945"
|2 1997
|
| 100 |
1 |
|
|a Pilek, Štefan
|4 aut
|9 528410
|
| 245 |
1 |
0 |
|a Tragický január 1945
|c Štefan Pilek
|
| 300 |
|
|
|b Fotogr.
|
| 648 |
|
7 |
|a január 1945
|2 SNK
|9 1317084
|
| 650 |
0 |
7 |
|a partizánske hnutie
|2 snkbucl
|9 28865
|
| 650 |
0 |
7 |
|a protifašistický odboj
|2 snkbucl
|9 4751
|
| 650 |
0 |
7 |
|a druhá svetová vojna (1939-1945)
|2 snkbucl
|9 169657
|
| 650 |
0 |
7 |
|a dejiny miest
|2 SNKPH
|9 164833
|
| 651 |
|
7 |
|a Slovensko
|2 snkbucl
|9 14231
|
| 651 |
|
7 |
|a Zlaté Moravce (Slovensko)
|2 snkbucl
|9 31455
|
| 651 |
|
7 |
|a Zlaté Moravce (Slovensko : okres)
|2 snkbucl
|9 31398
|
| 655 |
|
7 |
|a články z novín a časopisov
|2 snkbucl
|9 267496
|
| 773 |
0 |
|
|t Bojovník
|g Roč. IL, č. 3 (2004), s. 6
|x 0323-2018
|
| 850 |
|
|
|a Slovenská národná knižnica v Martine
|
| 852 |
|
|
|a SNK
|b KIS3GCP
|
| 957 |
|
|
|a 407
|
| 958 |
|
|
|a OS
|
| 992 |
|
|
|a RBX
|
| 999 |
|
|
|c 3340979
|d 3342909
|